Normal view
MARC view
- Public opinion
Entry Topical Term
001 - CONTROL NUMBER
- control field: 26494
003 - CONTROL NUMBER IDENTIFIER
- control field: NUST
005 - DATE AND TIME OF LATEST TRANSACTION
- control field: 20191204124951.0
008 - FIXED-LENGTH DATA ELEMENTS
- fixed length control field: 191204|| aca||aabn | a|a d
040 ## - CATALOGING SOURCE
- Original cataloging agency: NUST
- Transcribing agency: NUST
150 ## - HEADING--TOPICAL TERM
- Topical term or geographic name entry element: Public opinion
670 ## - SOURCE DATA FOUND
- Source citation: Work cat.: (NUST)0: Malik, Salahuddin. 26493, 1857 War of Independence or clash of civilizations? :, 2008.
